Statistics for Democratic and Republican Outlier States

Click here to take the quiz!

General Stats

  • This quiz has been taken 30 times
  • The average score is 5 of 20

Answer Stats

CategoryU.S. State% Correct
RepublicanLargest CityTexas
91%
RepublicanSmallest by AreaWest Virginia
74%
RepublicanEarliest to Fully Legalize MarijuanaAlaska
30%
RepublicanRichest by Median IncomeAlaska
30%
RepublicanHighest Population DensityFlorida
30%
RepublicanHighest Median RentFlorida
30%
RepublicanLowest Gun Ownership RateOhio
30%
DemocratHighest Gun Ownership RateNew Mexico
26%
DemocratFewest Starbucks Per CapitaVermont
26%
DemocratHighest Cow PopulationCalifornia
22%
DemocratLowest % With a College DegreeNevada
17%
RepublicanMost Solar PowerNorth Carolina
17%
RepublicanMost Public TransitUtah
17%
DemocratLowest Personal Tax BurdenDelaware
13%
DemocratHighest Coal ProductionIllinois
13%
RepublicanHighest Personal Tax BurdenIowa
13%
DemocratLeast Public TransitMaine
13%
DemocratHighest % Employed in ManufacturingMinnesota
13%
DemocratShortest Average CommuteNew Mexico
13%
DemocratMost ReligiousVirginia
13%

Score Distribution

Percentile by Number Answered

Percent of People with Each Score

Your Score History

You have not taken this quiz